| 000 | 00466nam a2200157 i 4500 | ||
|---|---|---|---|
| 001 | 95238 | ||
| 003 | ES-MaACL | ||
| 005 | 20230906181648.0 | ||
| 007 | t| | ||
| 008 | 050525s1973 sp ||||1| baq d | ||
| 110 | 2 |
_aLur Argitaletxea. _95561 |
|
| 245 | 1 | 0 |
_aAurtengo zenbait berri _b: lureko ekipoa: Ainhoa, Aresti, Aranburu-Altuna... / _cLur Argitaletxea. |
| 260 |
_aDonostia : _bLur, _c1973. |
||
| 300 |
_a102 p. ; _c18 cm. |
||
| 852 |
_aES-MaACL _jC-55750 _bR.88040 |
||
| 999 |
_c95238 _d95238 |
||